| 000 | 01088nam a2200229Ia 4500 | ||
|---|---|---|---|
| 001 | 17091 | ||
| 005 | 20260327112937.0 | ||
| 008 | 260306t2025||||xx |||||||||||||| ||und|| | ||
| 041 | _aESP | ||
| 082 |
_a657.45 _bV66 |
||
| 100 |
_aVillacorta Cavero, Armando, _eAUT |
||
| 245 | 0 | _aAuditoría práctica de estados financieros bajo NIA y papeles de trabajo | |
| 260 | _c2025 | ||
| 300 |
_a510 páginas : _c25 cm. |
||
| 650 | _aGEN | ||
| 654 | _aCCO | ||
| 856 |
_uhttps://itmsp.museknowledge.com/UCSP?url=https://www.ebooks7-24.com:443/?il=16629&pg=1 _zVéase además: Título, Pruebas selectivas en la auditoría, por Rodrigo Estupiñán Gaitán. Versión digital |
||
| 856 |
_uhttps://0u213u7sy-y-https-ebooks7--24-com.itmsp.museknowledge.com/biblioteca.aspx _zVéase además: Base de datos Ebook7-24 |
||
| 856 |
_uhttps://0u21cu7sj-y-https-www-legismovil-pe.itmsp.museknowledge.com/interm/InterUCSanPablo.htm _zVéase además: Base de datos LegisMóvil |
||
| 856 |
_uhttps://legal.legis.com.pe/home/Corporativo _zVéase además: Base de datos Multilegis |
||
| 942 |
_cLIB _dJUS _fJUS _2ddc |
||
| 999 |
_c17091 _d17091 |
||